• AIU
  • Tony Wilmot Memorial Library

Your available power / (Record no. 25195)

MARC details
000 -LEADER
fixed length control field 01015nam a22003131a 4500
001 - CONTROL NUMBER
control field 4975280
005 - DATE AND TIME OF LATEST TRANSACTION
control field 20110718125346.0
008 - FIXED-LENGTH DATA ELEMENTS--GENERAL INFORMATION
fixed length control field 971201s1996 pau 000 0 eng
010 ## - LIBRARY OF CONGRESS CONTROL NUMBER
LC control number 97220272
020 ## - INTERNATIONAL STANDARD BOOK NUMBER
International Standard Book Number 0883682664
035 ## - SYSTEM CONTROL NUMBER
-- (DLC) 97220272
040 ## - CATALOGING SOURCE
Original cataloging agency DLC
Transcribing agency DLC
050 00 - LIBRARY OF CONGRESS CALL NUMBER
Classification number BV 4501.2.S71424 1996
Item number BV 4501.2.S71424 1996
082 00 - DEWEY DECIMAL CLASSIFICATION NUMBER
Classification number 248.4
Edition number 21
100 1# - MAIN ENTRY--PERSONAL NAME
Personal name Spurgeon, C. H.,
Dates associated with a name 1834-1892.
Fuller form of name (Charles Haddon),
245 10 - TITLE STATEMENT
Title Your available power /
Statement of responsibility, etc Charles Spurgeon.
260 ## - PUBLICATION, DISTRIBUTION, ETC. (IMPRINT)
Place of publication, distribution, etc Springdale, PA :
Name of publisher, distributor, etc Whitaker House,
Date of publication, distribution, etc c1996.
300 ## - PHYSICAL DESCRIPTION
Extent 128 p. ;
Dimensions 18 cm.
630 00 - SUBJECT ADDED ENTRY--UNIFORM TITLE
Uniform title Bible
General subdivision Evidences, authority etc.
630 00 - SUBJECT ADDED ENTRY--UNIFORM TITLE
Uniform title Bible
General subdivision Influence.
630 00 - SUBJECT ADDED ENTRY--UNIFORM TITLE
Uniform title Bible
General subdivision Inspiration.
650 #0 - SUBJECT ADDED ENTRY--TOPICAL TERM
Topical term or geographic name as entry element Holy Spirit.
650 #0 - SUBJECT ADDED ENTRY--TOPICAL TERM
Topical term or geographic name as entry element Church.
650 #0 - SUBJECT ADDED ENTRY--TOPICAL TERM
Topical term or geographic name as entry element Christian life.
906 ## - LOCAL DATA ELEMENT F, LDF (RLIN)
a 7
b cbc
c orignew
d 3
e ncip
f 19
g y-gencatlg
922 ## -
-- co
991 ## -
-- c-GenColl
-- BV4501.2
-- .S71424 1996
-- 00058304839
-- Copy 1
-- BOOKS
Holdings
Withdrawn status Lost status Source of classification or shelving scheme Damaged status Not for loan Collection code Home library Current library Shelving location Date acquired Cost, normal purchase price Total Checkouts Total Renewals Full call number Barcode Date last seen Date checked out Copy number Price effective from Koha item type
    Library of Congress Classification     General Circulation AIU/NEGST - Tony Wilmot Memorial Library AIU/NEGST - Tony Wilmot Memorial Library General Stacks 10/28/2009 12.00 2 1 BV 4501.2.S71424 1996 R49996N3232 01/08/2025 11/22/2024 1 10/28/2009 Books